Java in a nutshell : (Record no. 174882)

000 -LEADER
fixed length control field 01135 a2200265 4500
003 - CONTROL NUMBER IDENTIFIER
control field Nust
005 - DATE AND TIME OF LATEST TRANSACTION
control field 20220812145148.0
010 ## - LIBRARY OF CONGRESS CONTROL NUMBER
LC control number 97186424
020 ## - INTERNATIONAL STANDARD BOOK NUMBER
International Standard Book Number 156592262X
040 ## - CATALOGING SOURCE
Transcribing agency Nust
082 00 - DEWEY DECIMAL CLASSIFICATION NUMBER
Classification number 005.133,FLA
100 1# - MAIN ENTRY--PERSONAL NAME
Personal name Flanagan, David.
9 (RLIN) 89155
245 10 - TITLE STATEMENT
Title Java in a nutshell :
Remainder of title a desktop quick reference /
Statement of responsibility, etc. David Flanagan.
250 ## - EDITION STATEMENT
Edition statement 2nd ed.
260 ## - PUBLICATION, DISTRIBUTION, ETC.
Place of publication, distribution, etc. Cambridge ;
-- Sebastopol, CA :
Name of publisher, distributor, etc. O'Reilly,
Date of publication, distribution, etc. c1997.
300 ## - PHYSICAL DESCRIPTION
Extent xvi, 610 p. :
Other physical details ill. ;
Dimensions 23 cm.
440 #4 - SERIES STATEMENT/ADDED ENTRY--TITLE
Title The Java series
9 (RLIN) 97024
505 ## - FORMATTED CONTENTS NOTE
Formatted contents note Part-1: Introducing Java (Page-3), Part-2: Introducing Java 1.1 (Page-85), Part-3: Programming with the Java (Page-127), Part-4: Java Language Reference (Page-227), Part-5: API Quick Reference (Page-271).
650 #0 - SUBJECT ADDED ENTRY--TOPICAL TERM
Topical term or geographic name entry element Java (Computer program language)
9 (RLIN) 8017
650 #0 - SUBJECT ADDED ENTRY--TOPICAL TERM
Topical term or geographic name entry element Object-oriented programming (Computer science)
650 #0 - SUBJECT ADDED ENTRY--TOPICAL TERM
Topical term or geographic name entry element Web servers.
9 (RLIN) 95902
856 42 - ELECTRONIC LOCATION AND ACCESS
Materials specified Contributor biographical information
Uniform Resource Identifier <a href="http://www.loc.gov/catdir/enhancements/fy0915/97186424-b.html">http://www.loc.gov/catdir/enhancements/fy0915/97186424-b.html</a>
856 42 - ELECTRONIC LOCATION AND ACCESS
Materials specified Publisher description
Uniform Resource Identifier <a href="http://www.loc.gov/catdir/enhancements/fy0915/97186424-d.html">http://www.loc.gov/catdir/enhancements/fy0915/97186424-d.html</a>
942 ## - ADDED ENTRY ELEMENTS (KOHA)
Koha item type Book
Source of classification or shelving scheme
Call number prefix 005.133,FLA
Holdings
Withdrawn status Lost status Source of classification or shelving scheme Damaged status Not for loan Permanent Location Current Location Shelving location Date acquired Total Checkouts Full call number Barcode Date last seen Date last checked out Price effective from Koha item type Public note
          Military College of Signals (MCS) Military College of Signals (MCS) General Stacks 12/12/2016 2 005.133,FLA MCS27171 03/22/2023 03/07/2023 12/12/2016 Book Almirah No.4, Shelf No.4
© 2023 Central Library, National University of Sciences and Technology. All Rights Reserved.